Pokémon, die mit B beginnen - Statistiken

Allgemein
  • Dieses Quiz wurde 45 mal gespielt
  • Das Durchschnittsergebnis liegt bei 27 aus 51
Antwortstatistiken
Nr. Typ Name % Korrekt
3 Pflanze, Gift Bisaflor
100%
2 Pflanze, Gift Bisaknosp
100%
1 Pflanze, Gift Bisasam
100%
15 Käfer, Gift Bibor
94%
135 Elektro Blitza
81%
48 Käfer, Gift Bluzuk
75%
354 Geist Banette
72%
400 Normal, Wasser Bidifas
72%
399 Normal Bidiza
72%
373 Drache, Flug Brutalanda
72%
225 Eis, Flug Botogel
66%
418 Wasser Bamelin
63%
274 Pflanze, Unlicht Blanas
59%
419 Wasser Bojelin
59%
436 Stahl, Psycho Bronzel
59%
413 Käfer, Pflanze Burmadame
59%
349 Wasser Barschwa
56%
722 Pflanze, Flug Bauz
56%
182 Pflanze Blubella
56%
437 Stahl, Psycho Bronzong
56%
412 Käfer Burmy
56%
211 Wasser, Gift Baldorfish
53%
411 Gestein, Stahl Bollterus
53%
287 Normal Bummelz
53%
938 Elektro Blipp
50%
526 Gestein Brockoloss
50%
927 Fee Backel
47%
641 Flug Boreos
47%
550 Wasser Barschuft
44%
836 Elektro Bellektro
44%
688 Gestein, Wasser Bithora
44%
859 Unlicht, Fee Bähmon
41%
914 Wasser, Kampf Bailonda
41%
696 Gestein, Drache Balgoras
41%
743 Käfer, Fee Bandelby
41%
626 Normal Bisofank
41%
871 Elektro Britzigel
41%
755 Pflanze, Fee Bubungus
41%
1002 Unlicht, Eis Baojian
38%
847 Wasser Barrakiefa
38%
862 Unlicht, Normal Barrikadax
38%
1016 Gift, Fee Beatori
38%
508 Normal Bissbark
38%
537 Wasser, Boden Branawarz
38%
856 Psycho Brimova
38%
985 Fee, Psycho Brüllschweif
38%
1015 Gift, Psycho Benesaru
34%
1014 Gift, Kampf Boninu
34%
1018 Stahl, Drache Briduradon
31%
652 Pflanze, Kampf Brigaron
31%
857 Psycho Brimano
31%
Keine übereinstimmenden Quizze gefunden
Verteilung der Resultate
Anzahl Personen mit jedem Resultat
Perzentil nach korrekt beantworteten Fragen
Ihre Resultats-Entwicklung
Sie haben dieses Quiz noch nicht gespielt